000 00860nam a22002057a 4500
999 _c19886
_d19886
003 AR-CdUCM
008 190523b ||||| |||| 00| 0 spa d
040 _aMUNICIPALIDAD PROVINCIAL DEL CUSCO
_cBIBLIOTECA MUNICIPAL DEL CUSCO
082 _a616 /
_bAN615
100 _aAnojin, P. R.
_941571
245 _aLa inhibición interna como problema de la fisiología /
260 _aArgentina :
_bNuestro tiempo,
_c1963.
300 _a505 páginas ;
_bIlustraciones,
_c20 cm.
505 _aContenido: Planteamiento y caminos de elaboración de los problemas de la inhibición interna -- Ideas de I. Séchenov y N. Wedienski acerca del surgimiento del proceso inhibitorio en el sistema nervioso central...
650 _aPsicología
_91538
650 _aCiencias medicas
_99293
650 _aFisiología
_94959
942 _2ddc
_cLIBROS
945 _adavv
_d2019-05-23